000 00462nam a2200157Ia 4500
008 210716s2002 xx 000 0 und d
020 _a8178671166
041 _aeng
082 _a004.35 CULD
100 _aCuller, David E;Singh, Jaswinder Pal.
245 _aParallel computer architecture: a hardware/software approach.
_bA hardware/software approach.
250 _a1
260 _aNew Delhi
_bMorgan Kaufmann
_c2002
300 _axxix,1025
650 _aNone
999 _c184779
_d184779